Tính toán động cơ điện không đồng bộ 3 pha và 1 pha công suất nhỏ

שמור ב:
מידע ביבליוגרפי
מחבר ראשי: Trần Khánh Hà
פורמט: ספר
שפה:Undetermined
יצא לאור: Hà Nội KHKT 1968
תגים: הוספת תג
אין תגיות, היה/י הראשונ/ה לתייג את הרשומה!
Thư viện lưu trữ: Trung tâm Học liệu Trường Đại học Cần Thơ
LEADER 00496nam a2200157Ia 4500
001 CTU_46192
008 210402s9999 xx 000 0 und d
082 |a 621.3104 
082 |b H100 
100 |a Trần Khánh Hà 
245 0 |a Tính toán động cơ điện không đồng bộ 3 pha và 1 pha công suất nhỏ 
245 0 |c Trần Khánh Hà 
260 |a Hà Nội 
260 |b KHKT 
260 |c 1968 
980 |a Trung tâm Học liệu Trường Đại học Cần Thơ